Kyōsan shugi to ningen sonchō /

Disimpan dalam:
Butiran Bibliografi
Pengarang Utama: Koizumi, Shinzō, 1888-1966.
Format: Buku
Bahasa:Japanese
Diterbitkan: Tōkyō : Bungei Shunjū Shinsha, Shōwa 26 [1951]
Subjek-subjek:
Penanda-penanda: Tambah Penanda
Tiada Penanda, Jadilah orang pertama menanda rekod ini!
LEADER 01624nam a2200277 a 4500
001 007742670-3
005 20024617121422.0
008 910314s1951 ja 000 0 jpn d
035 0 |a ocm33654844 
040 |a *LWU*  |b jpn  |c *LWU*  |d OKentU  |d *YNH*  |d CStRLIN 
043 |a a-ja--- 
100 1 |6 880-01  |a Koizumi, Shinzō,  |d 1888-1966. 
245 1 0 |6 880-02  |a Kyōsan shugi to ningen sonchō /  |c Koizumi Shinzō cho. 
260 |6 880-03  |a Tōkyō :  |b Bungei Shunjū Shinsha,  |c Shōwa 26 [1951] 
300 |a 212 p. ;  |c 19 cm. 
500 |a Collection of 10 articles originally published in various magazines and newspapers, 1949-1951. 
505 0 |6 880-04  |a Kyōsanshugi to ningen sonchō -- Fukuzawa no senʾutsu -- Kyōsanshugisha no reito seishin -- Kaikyūteki zōaku to minzoku zōaku -- Kyōsantō sengen no konjaku -- Shōhi to chochiku to yūkō juyō -- Gakumon geijutsu no jiyū to sono genkai -- Rikaiaru oji -- Fukuzawa no rekishikan to aikokuron -- Heiwa no na to heiwa no mi. 
653 |6 880-05  |a Kyōsanshugi. 
650 0 |a Communism. 
880 1 |6 100-01  |a 小泉信三,  |d 1888-1966. 
880 1 0 |6 245-02  |a 共産主義と人間尊重 /  |c 小泉信三著. 
880 |6 260-03  |a 東京 :  |b 文藝春秋新社,  |c 昭和26 [1951] 
880 0 |6 505-04  |a 共産主義と人間尊重 -- 福澤の先憂 -- 共産主義者の隸従精神 -- 階級的憎惡と民族的憎惡 -- 共産黨宣言の今昔 -- 消費と貯蓄と有效需要 -- 學問藝術の自由と其限界 -- 理解ある叔父 -- 福澤の歷史觀と愛國論 -- 平和の名と平和の實. 
880 |6 653-05  |a 共産主義. 
988 |a 20021220 
906 |0 OCLC